| 000 | 00496nam a22001817a 4500 | ||
|---|---|---|---|
| 003 | OSt | ||
| 005 | 20140310182819.0 | ||
| 008 | 130304t xxu||||| |||| 00| 0 eng d | ||
| 020 | _a0131971093 | ||
| 050 |
_aQA 76.73.C153 _b.D368c 2006 |
||
| 245 |
_aC++ how to program : _cH M Dietel and P J . Dietel. |
||
| 260 |
_aSingapore : _bPearson, _c2006. |
||
| 300 |
_a1375 p. : _c22 cm. _bill. ; |
||
| 521 | _aIT | ||
| 650 | _aC++ (Computer program language) | ||
| 942 |
_2lcc _cBK _kFOR |
||
| 999 |
_c16339 _d16339 |
||